[Event "Lueneburg blitz op"]
[Site "Lueneburg"]
[Date "2013.07.22"]
[Round "?"]
[White "Hagedorn, Jutta"]
[Black "Czech, Alfons"]
[Result "0-1"]
[WhiteElo "1288"]
[BlackElo "1492"]
[PlyCount "85"]
[EventDate "2013.07.22"]
[EventType "swiss (blitz)"]
[EventRounds "9"]
[EventCountry "GER"]
[SourceTitle "EXT 2024"]
[Source "ChessBase"]
[SourceDate "2023.10.10"]
[SourceVersion "1"]
[SourceVersionDate "2023.10.10"]
[SourceQuality "1"]

1. c4 e6 2. g3 d5 3. cxd5 exd5 4. Bg2 c6 5. Nf3 Nf6 6. 0-0 Bf5 7. d3 Be7 8. Nc3 0-0 9. Qb3 Qb6 10. Qd1 Nbd7 11. Re1 Rfe8 12. e4 dxe4 13. dxe4 Bg4 14. Bg5 h6 15. Be3 Qc7 16. h3 Bh5 17. Qd3 Bg6 18. Rad1 Rad8 19. Bd4 c5 20. Be3 Ne5 21. Qc2 Rxd1 22. Rxd1 a6 23. Bf4 Bd6 24. Qe2 b5 25. Nh4 Bh7 26. Nd5 Nxd5 27. Rxd5 g5 28. Bxe5 Rxe5 29. Rxe5 Bxe5 30. Nf3 Qd6 31. Nxe5 Qxe5 32. f3 f5 33. g4 f4 34. Qc2 Qd4+ 35. Kh2 c4 36. Bf1 Bg6 37. Qc3 Qxc3 38. bxc3 Kf7 39. Kg2 Ke6 40. Kf2 Kd6 41. Ke2 Kc5 42. Kd2 a5 43. a3 0-1

[Event "Lueneburg blitz op"]
[Site "Lueneburg"]
[Date "2013.07.22"]
[Round "?"]
[White "Hagedorn, Jutta"]
[Black "Thanisch, Matthias"]
[Result "0-1"]
[WhiteElo "1288"]
[BlackElo "2026"]
[PlyCount "64"]
[EventDate "2013.07.22"]
[EventType "swiss (blitz)"]
[EventRounds "9"]
[EventCountry "GER"]
[SourceTitle "EXT 2024"]
[Source "ChessBase"]
[SourceDate "2023.10.10"]
[SourceVersion "1"]
[SourceVersionDate "2023.10.10"]
[SourceQuality "1"]

1. c4 e5 2. g3 d6 3. Bg2 Nf6 4. Nc3 c6 5. e4 Be7 6. Nge2 0-0 7. 0-0 Bg4 8. Qb3 Qc8 9. d3 Nbd7 10. f4 Nc5 11. Qc2 a5 12. h3 Bxh3 13. f5 Bg4 14. d4 exd4 15. Nxd4 Ncd7 16. Bf4 Ne5 17. b3 Rd8 18. Rae1 Qc7 19. Nd1 Rac8 20. Nf2 h5 21. Nxg4 Nfxg4 22. Rd1 Bf6 23. Rfe1 Qb6 24. Be3 Nxe3 25. Rxe3 Ng4 26. Red3 Bxd4+ 27. Rxd4 Ne3 28. Qd2 Nxd1 29. Qxd1 Qc5 30. Kh2 Qe5 31. Kh1 g6 32. g4 hxg4 0-1